[Event "Francophonie-ch (RIDEF)"]
[Site "Quebec CAN"]
[Date "2024.08.14"]
[Round "2.13"]
[White "Jiang, Barron Jiyu"]
[Black "Duong, Thanh Nha"]
[Result "1/2-1/2"]
[WhiteElo "1876"]
[BlackElo "2170"]
[PlyCount "59"]
[EventDate "2024.08.13"]
[EventType "swiss"]
[EventRounds "9"]
[EventCountry "CAN"]

1. e4 c5 2. Nf3 Nc6 3. d4 cxd4 4. Nxd4 Nf6 5. Nc3 d6 6. Be2 e5 7. Nb3 Be7 8.
Be3 O-O 9. g4 a5 10. a4 Be6 11. g5 Ne8 12. h4 Nb4 13. Nd5 Nxd5 14. exd5 Bd7 15.
Nd2 Rb8 16. c4 b6 17. Qc2 f5 18. f4 Nc7 19. Nf3 e4 20. Nd4 Na6 21. b3 Rc8 22.
Qb2 Nc5 23. Kd2 Re8 24. Nc2 Bf8 25. Rh3 Qe7 26. h5 Nd3 27. Qc3 Nc5 28. Qb2 Nd3
29. Qc3 Nc5 30. Qb2 1/2-1/2

[Event "Francophonie-ch (RIDEF)"]
[Site "Quebec CAN"]
[Date "2024.08.14"]
[Round "3.12"]
[White "Duong, Thanh Nha"]
[Black "Marchand, Jacques"]
[Result "1-0"]
[WhiteElo "2170"]
[BlackElo "1862"]
[PlyCount "59"]
[EventDate "2024.08.13"]
[EventType "swiss"]
[EventRounds "9"]
[EventCountry "CAN"]

1. d4 Nf6 2. c4 c5 3. Nf3 cxd4 4. Nxd4 Nc6 5. Nc3 g6 6. g3 Bg7 7. Bg2 O-O 8.
O-O a6 9. Nb3 d6 10. c5 Be6 11. cxd6 exd6 12. e4 Na5 13. Re1 Nc4 14. Nd4 Qc7
15. b3 Ne5 16. Bb2 Nfd7 17. f4 Nc6 18. Nxc6 bxc6 19. Rc1 Nb6 20. Qf3 Qd7 21.
Rf1 d5 22. Qf2 d4 23. Nd1 Rfd8 24. Qd2 Bg4 25. Nf2 d3 26. Bxg7 Kxg7 27. Nxg4
Qxg4 28. Rxc6 Qe2 29. Qxe2 dxe2 30. Re1 1-0

[Event "Francophonie-ch (RIDEF)"]
[Site "Quebec CAN"]
[Date "2024.08.15"]
[Round "4.7"]
[White "Duong, Thanh Nha"]
[Black "Wang, Derek"]
[Result "1/2-1/2"]
[WhiteElo "2170"]
[BlackElo "2104"]
[PlyCount "126"]
[EventDate "2024.08.13"]
[EventType "swiss"]
[EventRounds "9"]
[EventCountry "CAN"]

1. Nf3 d5 2. b3 c5 3. Bb2 Nc6 4. e3 Nf6 5. Bb5 Bg4 6. h3 Bxf3 7. Bxc6+ bxc6 8.
Qxf3 e6 9. d3 Be7 10. O-O Qc7 11. c4 O-O 12. Nc3 Rfd8 13. Na4 Nd7 14. Ba3 Qa5
15. Bb2 Bf6 16. Qe2 Bxb2 17. Qxb2 Rab8 18. Qc2 Rbc8 19. f4 Nb6 20. Nb2 Nd7 21.
Rf2 Rb8 22. Kh1 Rb7 23. Na4 Rc8 24. Raf1 f6 25. Nc3 Qc7 26. f5 Qd6 27. fxe6
Qxe6 28. e4 d4 29. Ne2 Ne5 30. Nf4 Qd6 31. Qd2 Rb4 32. Nh5 Rf8 33. Qf4 Rb7 34.
Qg3 Kh8 35. Rf5 Re7 36. R5f2 Rb7 37. Qf4 Qb8 38. Qd2 Qd8 39. Nf4 Re8 40. Ne2
Rb4 41. Ng1 Qa5 42. Nf3 Qd8 43. Nxe5 Rxe5 44. Rf5 Rb8 45. Rxe5 fxe5 46. Qf2 h6
47. Qf7 Qa5 48. Qe6 Qxa2 49. Qxe5 Qxb3 50. Rf7 Rg8 51. Qg3 a5 52. e5 Qb8 53.
Qe1 a4 54. e6 a3 55. Rf2 Qg3 56. Qf1 Qg6 57. e7 Qe6 58. Re2 Qc8 59. Qc1 Qa8 60.
Ra2 Re8 61. Rxa3 Qb7 62. Qf4 Qxe7 63. Ra6 Qe1+ 1/2-1/2

[Event "Francophonie-ch (RIDEF)"]
[Site "Quebec CAN"]
[Date "2024.08.15"]
[Round "5.10"]
[White "Maltezeanu, Stefan"]
[Black "Duong, Thanh Nha"]
[Result "1/2-1/2"]
[WhiteElo "2069"]
[BlackElo "2170"]
[PlyCount "140"]
[EventDate "2024.08.13"]
[EventType "swiss"]
[EventRounds "9"]
[EventCountry "CAN"]

1. e4 e5 2. Nf3 Nf6 3. Nxe5 d6 4. Nf3 Nxe4 5. d3 Nf6 6. d4 Be7 7. Bd3 O-O 8. h3
d5 9. Bf4 Nbd7 10. O-O Re8 11. Nc3 c6 12. a4 a5 13. Re1 Nf8 14. Ne2 Ng6 15. Bh2
Bd6 16. Bxd6 Qxd6 17. Bxg6 hxg6 18. Ng3 Bf5 19. Nxf5 gxf5 20. Qd3 Ne4 21. Ne5
f6 22. Nf3 Kf7 23. c3 g5 24. Nd2 Qf4 25. Nxe4 fxe4 26. Qe3 Qh4 27. c4 Rad8 28.
Rac1 Kg6 29. cxd5 Rxd5 30. Rc5 Rxc5 31. dxc5 Qf4 32. Qc3 Rd8 33. Qxa5 Rd2 34.
Rf1 g4 35. g3 Qf3 36. Qa8 gxh3 37. Qg8+ Kf5 38. Qh7+ Ke5 39. Qe7+ Kf5 40. Qh7+
Ke6 41. Qxh3+ Ke5 42. Qc8 Rxb2 43. Qc7+ Kd4 44. Qd6+ Kc3 45. Qe6 Rc2 46. a5 e3
47. Qxe3+ Qxe3 48. fxe3 Kd3 49. Rxf6 Rxc5 50. Rf7 Rxa5 51. Rxb7 c5 52. Kf2 c4
53. Rd7+ Kc2 54. e4 c3 55. Ke3 Rc5 56. Kd4 Rc8 57. Rh7 Rd8+ 58. Ke5 Kd3 59. g4
Re8+ 60. Kf5 Rxe4 61. g5 c2 62. Rh1 Rb4 63. Rc1 Kd2 64. Rxc2+ Kxc2 65. g6 Kd3
66. g7 Rb8 67. Kf6 Ke4 68. Kf7 Rb7+ 69. Kf8 Kf5 70. g8=Q Rb8+ 1/2-1/2

[Event "Francophonie-ch (RIDEF)"]
[Site "Quebec CAN"]
[Date "2024.08.16"]
[Round "6.11"]
[White "Duong, Thanh Nha"]
[Black "Marin, Sam"]
[Result "1-0"]
[WhiteElo "2170"]
[BlackElo "1971"]
[PlyCount "69"]
[EventDate "2024.08.13"]
[EventType "swiss"]
[EventRounds "9"]
[EventCountry "CAN"]

1. e4 e5 2. Nf3 d6 3. d4 exd4 4. Nxd4 Nf6 5. Nc3 Be7 6. Be2 O-O 7. O-O Nc6 8.
Re1 d5 9. exd5 Nxd5 10. Nxc6 bxc6 11. Ne4 f5 12. Nd2 Bf6 13. Nf3 Rb8 14. c3 Qd6
15. Qc2 Kh8 16. Bd2 f4 17. Rad1 Qc5 18. Bc1 Bg4 19. Ng5 Bxg5 20. Bxg4 Bh4 21.
Qe2 Nf6 22. Bf3 Rbe8 23. Qc2 g5 24. b4 Qb6 25. Rxe8 Rxe8 26. h3 h5 27. c4 g4
28. c5 Qb5 29. hxg4 hxg4 30. Bxg4 Nxg4 31. Bb2+ Bf6 32. Qg6 Qe2 33. Bxf6+ Nxf6
34. Qxf6+ Kg8 35. Rd7 1-0

[Event "Francophonie-ch (RIDEF)"]
[Site "Quebec CAN"]
[Date "2024.08.17"]
[Round "7.6"]
[White "Adam, Rafael"]
[Black "Duong, Thanh Nha"]
[Result "1-0"]
[WhiteElo "2127"]
[BlackElo "2170"]
[Annotator ",hugh_brodie@hotmail."]
[PlyCount "48"]
[EventDate "2024.08.13"]
[EventType "swiss"]
[EventRounds "9"]
[EventCountry "CAN"]

1. d4 e6 2. c4 Bb4+ 3. Bd2 Bxd2+ 4. Nxd2 d5 5. Ngf3 Nf6 6. g3 O-O 7. Bg2 Nbd7
8. Qc2 c6 9. O-O b6 10. e4 Bb7 11. e5 Ne8 12. b4 c5 13. bxc5 bxc5 14. Rab1 Ba6
15. Rfe1 Rc8 16. cxd5 cxd4 17. Qa4 Nc5 18. Qxd4 Qxd5 19. Qxd5 exd5 20. Rec1 Rc7
21. Rc3 Ne6 22. Ra3 Bc4 23. Nxc4 dxc4 24. Rc1 g5 {etc. (57)} 1-0

[Event "Francophonie-ch (RIDEF)"]
[Site "Quebec CAN"]
[Date "2024.08.17"]
[Round "8.13"]
[White "Duong, Thanh Nha"]
[Black "Paleologu, Vladimir"]
[Result "1-0"]
[WhiteElo "2170"]
[BlackElo "2001"]
[PlyCount "85"]
[EventDate "2024.08.13"]
[EventType "swiss"]
[EventRounds "9"]
[EventCountry "CAN"]

1. Nf3 d6 2. d4 Nd7 3. e4 e5 4. Nc3 Ngf6 5. Bc4 Be7 6. O-O c6 7. a4 Qc7 8. Ba2
h6 9. Re1 Nf8 10. b4 Bg4 11. d5 Rc8 12. Be3 a6 13. Rc1 Ng6 14. h3 Bd7 15. a5 c5
16. bxc5 Qxa5 17. Qd3 Rxc5 18. Bxc5 Qxc5 19. Ne2 b5 20. Nd2 Qb6 21. c4 b4 22.
c5 dxc5 23. Nc4 Qb5 24. Bb3 O-O 25. Ra1 Qb7 26. Qe3 Rc8 27. f4 Nxf4 28. Nxf4
exf4 29. Qxf4 Bb5 30. Rad1 Nd7 31. d6 Bg5 32. Qg3 a5 33. Nxa5 Qa6 34. Ra1 Ra8
35. Ra2 Qxa5 36. Rxa5 Rxa5 37. Bd5 Ra3 38. Qf2 Bf6 39. e5 Nxe5 40. Rxe5 Ra1+
41. Re1 Rxe1+ 42. Qxe1 Bc3 43. Qe7 1-0

[Event "Francophonie-ch (RIDEF)"]
[Site "Quebec CAN"]
[Date "2024.08.20"]
[Round "9.8"]
[White "Marchand, Calix"]
[Black "Duong, Thanh Nha"]
[Result "0-1"]
[WhiteElo "1997"]
[BlackElo "2170"]
[Annotator ",hugh_brodie@hotmail."]
[PlyCount "20"]
[EventDate "2024.08.13"]
[EventType "swiss"]
[EventRounds "9"]
[EventCountry "CAN"]

1. e4 e5 2. Nc3 Bb4 3. Nd5 Bc5 4. b4 Bf8 5. Nf3 c6 6. Ne3 Nf6 7. Nxe5 Nxe4 8.
Bd3 d5 9. O-O Bd6 10. Nf3 Bxb4 {etc. (60)} 0-1

[Event "CAN-op"]
[Site "Laval CAN"]
[Date "2024.07.13"]
[Round "1.28"]
[White "Duong, Thanh Nha"]
[Black "Wang, Andy"]
[Result "1-0"]
[WhiteElo "2136"]
[BlackElo "1840"]
[PlyCount "113"]
[EventDate "2024.07.13"]
[EventType "swiss"]
[EventRounds "9"]
[EventCountry "CAN"]

1. Nf3 d5 2. d4 Nf6 3. c4 dxc4 4. e3 e6 5. Bxc4 c5 6. O-O a6 7. a4 Nc6 8. Nc3
cxd4 9. exd4 Be7 10. Re1 O-O 11. Bg5 h6 12. Bh4 Bd7 13. Rc1 Rc8 14. Bb3 Re8 15.
Ne5 Nxe5 16. dxe5 Nd5 17. Bxe7 Nxe7 18. Ne4 Rxc1 19. Qxc1 Bc6 20. Nd6 Rf8 21.
Bc2 Nd5 22. Qd2 f5 23. b4 Qd7 24. Bb3 Nc7 25. Rc1 Bd5 26. Nxb7 Qe7 27. Bxd5
Nxd5 28. Nd6 Rb8 29. b5 axb5 30. axb5 Qd7 31. Qc2 Kf8 32. Qc5 Kg8 33. h4 Nf4
34. Qc4 g5 35. hxg5 hxg5 36. g3 Nd5 37. Rd1 Rd8 38. Qc5 f4 39. b6 Qa4 40. Rxd5
Qa1+ 41. Kg2 f3+ 42. Kxf3 Rf8+ 43. Kg2 exd5 44. Qxd5+ Kg7 45. e6 Qf6 46. Ne4
Qf3+ 47. Kg1 Rh8 48. Qxg5+ Kf8 49. e7+ Ke8 50. Nd6+ Kd7 51. e8=Q+ Rxe8 52. Nxe8
Qd1+ 53. Kg2 Qb3 54. Nf6+ Ke7 55. Qe5+ Kf8 56. Qe8+ Kg7 57. Qg8+ 1-0

[Event "CAN-op"]
[Site "Laval CAN"]
[Date "2024.07.14"]
[Round "2.18"]
[White "Tastet, Florian"]
[Black "Duong, Thanh Nha"]
[Result "0-1"]
[WhiteElo "1933"]
[BlackElo "2136"]
[PlyCount "86"]
[EventDate "2024.07.13"]
[EventType "swiss"]
[EventRounds "9"]
[EventCountry "CAN"]

1. d4 Nf6 2. c4 e6 3. g3 d5 4. Bg2 b6 5. Nf3 Bb7 6. O-O Bd6 7. cxd5 exd5 8. Nc3
a6 9. Bf4 Bxf4 10. gxf4 O-O 11. e3 Nc6 12. Ne5 Ne7 13. Qc2 Bc8 14. Rac1 Bf5 15.
Qe2 Qd6 16. a3 Ra7 17. b4 b5 18. Nb1 c6 19. Nd2 a5 20. Rc5 axb4 21. axb4 Ra4
22. Rfc1 Rc8 23. Nb3 Rxb4 24. Na5 Bd7 25. Qc2 h5 26. Naxc6 Nxc6 27. Nxd7 Qxd7
28. Rxc6 Rxc6 29. Qxc6 Qxc6 30. Rxc6 Rb1+ 31. Bf1 Ne4 32. Kg2 Rb2 33. Kg1 Nxf2
34. Rc5 Ng4 35. Rxd5 Nxe3 36. Rxb5 Rd2 37. Re5 Nxf1 38. Kxf1 Rxh2 39. d5 f6 40.
Re7 Rd2 41. Rd7 Rd4 42. d6 Rxf4+ 43. Kg2 Rd4 0-1

[Event "CAN-op"]
[Site "Laval CAN"]
[Date "2024.07.15"]
[Round "4.18"]
[White "St-Germain, Jack"]
[Black "Duong, Thanh Nha"]
[Result "0-1"]
[WhiteElo "1889"]
[BlackElo "2136"]
[PlyCount "180"]
[EventDate "2024.07.13"]
[EventType "swiss"]
[EventRounds "9"]
[EventCountry "CAN"]

1. e4 e5 2. Nf3 Nf6 3. Nxe5 d6 4. Nf3 Nxe4 5. Nc3 Nxc3 6. dxc3 Be7 7. Be3 Nd7
8. Qd2 O-O 9. O-O-O Nf6 10. Bd3 c5 11. h4 d5 12. c4 d4 13. Bg5 Ng4 14. Bxe7
Qxe7 15. Rde1 Qc7 16. Re2 h6 17. Rhe1 Be6 18. Ne5 Nxe5 19. Rxe5 Rad8 20. Qe2 b5
21. Qe4 f5 22. Qe2 Bf7 23. f4 Rfe8 24. Kb1 Rxe5 25. fxe5 Be6 26. g4 f4 27. g5
Qf7 28. g6 Qc7 29. b3 f3 30. Qxf3 bxc4 31. Bxc4 Bxc4 32. e6 Rf8 33. Qe4 Qb6 34.
Kc1 Bb5 35. e7 Re8 36. Qd5+ Kh8 37. Re6 Qb8 38. Qxc5 Qf4+ 39. Kb2 Bd7 40. Rd6
Qg4 41. Qe5 h5 42. Rxd4 Qf5 43. Qxf5 Bxf5 44. Rd8 Bxg6 45. Rd7 a5 46. c4 Kh7
47. c5 Bf5 48. Ra7 g5 49. hxg5 h4 50. Ra6 h3 51. Rf6 Bg4 52. Rh6+ Kg7 53. Rh4
Bf5 54. Kc3 Rxe7 55. Rh6 Re6 56. Rh4 Re2 57. c6 Re4 58. Rh5 Re6 59. Kd4 Rxc6
60. Ke5 Bd7 61. Kf4 Rc2 62. a4 Rc3 63. g6 Kxg6 64. Rg5+ Kf6 65. Rh5 Rxb3 66.
Rf5+ Kg6 67. Rd5 h2 68. Rd6+ Kf7 69. Rxd7+ Ke6 70. Rh7 Rb2 71. Ke4 Kd6 72. Kd4
Ke6 73. Ke4 Kf6 74. Kf4 Kg6 75. Rh8 Kg7 76. Rh5 Kf7 77. Kf5 Ke7 78. Ke5 Re2+
79. Kd5 Kf6 80. Rh8 Kg5 81. Kd4 Kg4 82. Kd3 Rg2 83. Ke4 Kg3 84. Ke3 Ra2 85.
Rg8+ Kh3 86. Rh8+ Kg2 87. Rg8+ Kf1 88. Rh8 Kg1 89. Rg8+ Rg2 90. Rb8 h1=Q 0-1

[Event "CAN-op"]
[Site "Laval CAN"]
[Date "2024.07.16"]
[Round "5.7"]
[White "Duong, Thanh Nha"]
[Black "Tarjan, James"]
[Result "1/2-1/2"]
[WhiteElo "2136"]
[BlackElo "2295"]
[PlyCount "38"]
[EventDate "2024.07.13"]
[EventType "swiss"]
[EventRounds "9"]
[EventCountry "CAN"]

1. e4 c6 2. d4 d5 3. exd5 cxd5 4. Bd3 Nc6 5. c3 Qc7 6. Ne2 Bg4 7. f3 Bd7 8. Bf4
e5 9. dxe5 Nxe5 10. Bc2 Bd6 11. O-O Ne7 12. Kh1 O-O 13. Nd4 N7g6 14. Bxg6 hxg6
15. Na3 a6 16. Qb3 Bc6 17. Rad1 Rad8 18. Rfe1 Rfe8 19. Bg3 Kh7 1/2-1/2

[Event "CAN-op"]
[Site "Laval CAN"]
[Date "2024.07.17"]
[Round "7.10"]
[White "Zheng, Richard"]
[Black "Duong, Thanh Nha"]
[Result "1/2-1/2"]
[WhiteElo "2290"]
[BlackElo "2136"]
[PlyCount "104"]
[EventDate "2024.07.13"]
[EventType "swiss"]
[EventRounds "9"]
[EventCountry "CAN"]

1. d4 e6 2. Nf3 b6 3. e4 Bb7 4. Bd3 c5 5. c3 d6 6. O-O Nd7 7. Qe2 Ne7 8. Rd1
Qc8 9. b4 g6 10. Bf4 d5 11. Ne5 c4 12. Bc2 f6 13. Nxd7 Qxd7 14. e5 f5 15. a4 a6
16. g4 Bg7 17. g5 h6 18. h4 hxg5 19. Bxg5 Bh6 20. Bf6 Rh7 21. Nd2 Bxd2 22. Qxd2
O-O-O 23. Kg2 Rf8 24. Bg5 Ng8 25. f4 Nh6 26. Rh1 Nf7 27. Bf6 Nd6 28. a5 b5 29.
Bg5 Nf7 30. Bf6 Nd6 31. Rag1 Bc6 32. Kf3 Qf7 33. Rg3 Be8 34. Ke3 Qb7 35. Qg2
Qf7 36. Bg5 Ne4 37. Bxe4 fxe4 38. Bf6 Rh5 39. Rg4 Qh7 40. Rg1 Rg8 41. Qg3 Kd7
42. Bg5 Bf7 43. Kf2 Be8 44. Kg2 Rf8 45. Kh3 Bf7 46. Kg2 Be8 47. Kf2 Bf7 48. Ke3
Be8 49. Qh2 Bf7 50. R4g3 Be8 51. R3g2 Bf7 52. Bf6 Be8 1/2-1/2

[Event "CAN-op"]
[Site "Laval CAN"]
[Date "2024.07.18"]
[Round "8.8"]
[White "Vera, Reynaldo"]
[Black "Duong, Thanh Nha"]
[Result "0-1"]
[WhiteElo "2353"]
[BlackElo "2136"]
[Annotator ",hugh_brodie@hotmail."]
[PlyCount "27"]
[EventDate "2024.07.13"]
[EventType "swiss"]
[EventRounds "9"]
[EventCountry "CAN"]

1. d4 d5 2. Nf3 Nf6 3. c4 e6 4. g3 b6 5. Bg2 Bb7 6. Ne5 Bb4+ 7. Nc3 O-O 8. O-O
c6 9. Bg5 h6 10. Bxf6 Qxf6 11. Qa4 Bd6 12. e4 dxc4 13. Nxc4 Qe7 14. e5 {
etc. (45)} 0-1

[Event "CAN-op"]
[Site "Laval CAN"]
[Date "2024.07.18"]
[Round "9.7"]
[White "Duong, Thanh Nha"]
[Black "Chiku-Ratte, Olivier-Kenta"]
[Result "0-1"]
[WhiteElo "2136"]
[BlackElo "2314"]
[PlyCount "86"]
[EventDate "2024.07.13"]
[EventType "swiss"]
[EventRounds "9"]
[EventCountry "CAN"]

1. e4 c5 2. Nf3 g6 3. c3 d5 4. exd5 Qxd5 5. d4 Bg7 6. Be2 cxd4 7. cxd4 Nf6 8.
Nc3 Qd8 9. O-O O-O 10. h3 Be6 11. Ng5 Bf5 12. Be3 Nc6 13. a3 Nd5 14. Nxd5 Qxd5
15. g4 Bd7 16. Bf3 Qa5 17. Ne4 Qd8 18. Nc5 Bc8 19. Bxc6 bxc6 20. Qa4 Qd5 21. f3
Rb8 22. Rf2 f5 23. Qxa7 f4 24. Qxb8 fxe3 25. Re2 Ba6 26. Qxf8+ Kxf8 27. Nxa6
Qc4 28. Rae1 Qxa6 29. Kg2 Bxd4 30. f4 c5 31. Kg3 e5 32. fxe5 Bxe5+ 33. Kf3 Bd4
34. Rc2 Qd3 35. Rce2 Kg7 36. h4 h5 37. gxh5 Qf5+ 38. Kg2 Qg4+ 39. Kf1 Qxh4 40.
Kg2 Qxh5 41. Rxe3 Qg5+ 42. Kf3 Bxe3 43. Rxe3 Qf6+ 0-1

[Event "Maplewood Pro Cup"]
[Site "Montreal CAN"]
[Date "2024.05.31"]
[Round "1.13"]
[White "Duong, Thanh Nha"]
[Black "Duval, Mathieu"]
[Result "1-0"]
[WhiteElo "2157"]
[BlackElo "1872"]
[PlyCount "61"]
[EventDate "2024.05.31"]
[EventType "swiss"]
[EventRounds "6"]
[EventCountry "CAN"]

1. Nf3 c5 2. c4 Nc6 3. g3 g6 4. Bg2 Bg7 5. O-O e5 6. Nc3 Nge7 7. Ne1 O-O 8. d3
d6 9. Nc2 f5 10. Bg5 f4 11. Rb1 h6 12. Bxe7 Qxe7 13. Nd5 Qf7 14. b4 cxb4 15.
Ndxb4 Ne7 16. Nd5 Rb8 17. Nxe7+ Qxe7 18. Nb4 Be6 19. Qa4 a6 20. Nd5 Bxd5 21.
Bxd5+ Kh8 22. Rb6 g5 23. Qb4 Qe8 24. Qxd6 Qh5 25. Be4 fxg3 26. hxg3 Rbd8 27.
Qc7 Rc8 28. Qxb7 Qh3 29. Rg6 Bf6 30. Bg2 Rb8 31. Qxb8 1-0

[Event "Maplewood Pro Cup"]
[Site "Montreal CAN"]
[Date "2024.06.01"]
[Round "2.2"]
[White "Noritsyn, Nikolay"]
[Black "Duong, Thanh Nha"]
[Result "1-0"]
[WhiteElo "2450"]
[BlackElo "2157"]
[PlyCount "67"]
[EventDate "2024.05.31"]
[EventType "swiss"]
[EventRounds "6"]
[EventCountry "CAN"]

1. e4 e5 2. Bc4 Nf6 3. d3 c6 4. Nf3 d5 5. Bb3 Bb4+ 6. Bd2 Bxd2+ 7. Qxd2 O-O 8.
Nc3 Re8 9. O-O-O d4 10. Ne2 a5 11. a3 Na6 12. Ng5 Re7 13. f4 Nc5 14. Ba2 Ng4
15. fxe5 Ne6 16. Nf3 Nf2 17. Nexd4 Nxh1 18. Nf5 Re8 19. Rxh1 c5 20. Rf1 Rf8 21.
Qf2 Kh8 22. Qg3 g6 23. Nd6 Rb8 24. h4 b5 25. Bd5 h5 26. Ng5 Nxg5 27. hxg5 Kh7
28. Rf6 Be6 29. Qf4 Qe7 30. g4 h4 31. Nf5 Qd7 32. Qf2 Rh8 33. Bxe6 fxe6 34.
Qxh4+ 1-0

[Event "Maplewood Pro Cup"]
[Site "Montreal CAN"]
[Date "2024.06.01"]
[Round "3.10"]
[White "Duong, Thanh Nha"]
[Black "Nassif, Aba"]
[Result "1-0"]
[WhiteElo "2157"]
[BlackElo "1929"]
[PlyCount "93"]
[EventDate "2024.05.31"]
[EventType "swiss"]
[EventRounds "6"]
[EventCountry "CAN"]

1. Nf3 Nf6 2. c4 g6 3. g3 Bg7 4. Bg2 O-O 5. O-O d6 6. Nc3 Nc6 7. Rb1 e5 8. d3
h6 9. b4 Be6 10. b5 Ne7 11. Nd2 Qc8 12. a4 Bh3 13. a5 Bxg2 14. Kxg2 Nd7 15. Bb2
f5 16. Nd5 Rf7 17. f4 Nc5 18. fxe5 dxe5 19. Nxe7+ Rxe7 20. Ba3 b6 21. Bxc5 bxc5
22. e4 Qe6 23. Qe2 Rf7 24. Nb3 Bf8 25. Qe3 Qd6 26. exf5 gxf5 27. Rbc1 Re8 28.
Qf3 Rd8 29. Rcd1 Qg6 30. Kh1 e4 31. Qe3 Rfd7 32. Nxc5 Rd4 33. Nb3 Rxd3 34. Qe2
Qd6 35. Rb1 Qa3 36. Qb2 Qxb2 37. Rxb2 e3 38. Kg2 Bb4 39. Kf3 Re8 40. Ke2 Rc3
41. Rc1 Rxc1 42. Nxc1 Bxa5 43. Nd3 Kf7 44. Ra2 Bd2 45. Rxa7 Re7 46. Nf4 Rd7 47.
b6 1-0

[Event "Maplewood Pro Cup"]
[Site "Montreal CAN"]
[Date "2024.06.01"]
[Round "4.8"]
[White "Marchand, Calix"]
[Black "Duong, Thanh Nha"]
[Result "0-1"]
[WhiteElo "1973"]
[BlackElo "2157"]
[PlyCount "90"]
[EventDate "2024.05.31"]
[EventType "swiss"]
[EventRounds "6"]
[EventCountry "CAN"]

1. e4 e5 2. Nc3 Bb4 3. d4 d6 4. dxe5 dxe5 5. Qxd8+ Kxd8 6. Bd2 Be6 7. O-O-O Nd7
8. Nge2 Ngf6 9. f3 c6 10. Kb1 a5 11. Nc1 b5 12. a4 bxa4 13. Nxa4 Kc7 14. Be3
Rab8 15. Nd3 Rhd8 16. g3 Ne8 17. Bg2 Nd6 18. b3 Nb5 19. Nxb4 axb4 20. Kb2 Ra8
21. Rd3 Ra6 22. Nc5 Ra5 23. Nxd7 Bxd7 24. Bc5 Rda8 25. Rhd1 Ra2+ 26. Kc1 Be6
27. Kd2 Nd4 28. Bxd4 exd4 29. Rb1 c5 30. f4 R8a3 31. Bh1 Bd7 32. Bg2 Bb5 33.
Bf1 Bxd3 34. Bxd3 f6 35. Bc4 Kd6 36. Bd3 Ra8 37. Bc4 Ra1 38. Kc1 g5 39. f5 Ke5
40. Bd3 h5 41. Kb2 Rxb1+ 42. Kxb1 h4 43. g4 h3 44. Kc1 Ra1+ 45. Kd2 Rh1 0-1

[Event "Maplewood Pro Cup"]
[Site "Montreal CAN"]
[Date "2024.06.02"]
[Round "5.2"]
[White "Sai Krishna, GV."]
[Black "Duong, Thanh Nha"]
[Result "0-1"]
[WhiteElo "2404"]
[BlackElo "2157"]
[PlyCount "128"]
[EventDate "2024.05.31"]
[EventType "swiss"]
[EventRounds "6"]
[EventCountry "CAN"]

1. e4 e5 2. Nf3 Nf6 3. Nxe5 d6 4. Nf3 Nxe4 5. Nc3 Nxc3 6. dxc3 Be7 7. Be3 O-O
8. Qd2 Nd7 9. O-O-O Nf6 10. Bd3 c5 11. Rde1 Rb8 12. Bh6 gxh6 13. Qxh6 c4 14.
Rxe7 Qxe7 15. Re1 Qd8 16. Bxc4 Ng4 17. Qh5 Qf6 18. Kb1 Qg6 19. Qa5 Bf5 20. Nd4
Rbe8 21. Rxe8 Rxe8 22. b4 Ne5 23. Bb3 Be6 24. f3 Nc6 25. Qa4 Bf5 26. Nxc6 Re1+
27. Kb2 Qg5 28. Bxf7+ Kxf7 29. Nd4 a6 30. Qa5 Qc1+ 31. Kb3 Bxc2+ 32. Kc4 b5+
33. Kd5 Bg6 34. Qc7+ Re7 35. Qc8 Qf4 36. g3 Qe5+ 37. Kc6 Kg7 38. Kb6 Re8 39.
Qg4 Qd5 40. Qd7+ Kh8 41. Qc7 Qa8 42. Nc6 Qc8 43. Qa7 d5 44. Qxa6 Qxa6+ 45. Kxa6
Bd3 46. Nd4 Ra8+ 47. Kb6 Rxa2 48. Nxb5 Rc2 49. Nd4 Rxc3 50. b5 Rc4 51. Nc6 d4
52. Ne5 Rc3 53. Ka5 Bxb5 54. Kxb5 d3 55. Kb4 d2 56. Kxc3 d1=Q 57. f4 Qg1 58. g4
Qxh2 59. Nd3 h6 60. Kd4 Qg1+ 61. Ke5 Qxg4 62. Kf6 Qf3 63. Ne5 Qxf4+ 64. Ke6 Kg7
0-1

[Event "Maplewood Pro Cup"]
[Site "Montreal CAN"]
[Date "2024.06.02"]
[Round "6.3"]
[White "Duong, Thanh Nha"]
[Black "Gutierrez, Renzo"]
[Result "0-1"]
[WhiteElo "2157"]
[BlackElo "2191"]
[PlyCount "67"]
[EventDate "2024.05.31"]
[EventType "swiss"]
[EventRounds "6"]
[EventCountry "CAN"]

1. Nf3 d5 2. c4 e6 3. d4 c6 4. Qc2 dxc4 5. Qxc4 Nf6 6. g3 b5 7. Qc2 Bb7 8. Bg2
Nbd7 9. Bg5 c5 10. O-O Rc8 11. Qb3 a6 12. Rd1 c4 13. Qc2 Be7 14. a3 h6 15. Bf4
Nb6 16. Nc3 Nbd5 17. Be5 O-O 18. Bxf6 Nxf6 19. e4 Qb6 20. Rd2 Rfd8 21. Rad1 a5
22. d5 exd5 23. Nxd5 Nxd5 24. exd5 Bf6 25. Qf5 Rc5 26. Ne5 Qd6 27. Ng4 Bg5 28.
Ne5 c3 29. bxc3 Rxc3 30. Rd3 Qxa3 31. f4 Be7 32. d6 Rxd6 33. Rxd6 Bxd6 34. Bxb7
{illisible} 0-1

[Event "Ontario op"]
[Site "Toronto CAN"]
[Date "2024.05.18"]
[Round "1.12"]
[White "Duong, Thanh Nha"]
[Black "Malakar, Saarthak"]
[Result "1-0"]
[WhiteElo "2157"]
[BlackElo "1883"]
[PlyCount "127"]
[EventDate "2024.05.18"]
[EventType "swiss"]
[EventRounds "6"]
[EventCountry "CAN"]
[Source "ChessMix"]
[SourceDate "2024.06.01"]

1. Nf3 d5 2. d4 Nf6 3. g3 Bf5 4. Bg2 e6 5. O-O Be7 6. c4 c6 7. b3 h6 8. Bb2
Nbd7 9. Nc3 O-O 10. Nd2 a5 11. a3 Rb8 12. e4 dxe4 13. Ncxe4 Nxe4 14. Nxe4 Nf6
15. Nd2 Qc7 16. Rc1 Rfd8 17. c5 Nd5 18. Nc4 Bg5 19. f4 Bf6 20. Qd2 Rd7 21. Nxa5
g5 22. Nc4 gxf4 23. gxf4 Kh7 24. Ne3 Nxf4 25. Nxf5 Bg5 26. Rxf4 Bxf4 27. Ne3 f5
28. Kh1 Rg8 29. d5 cxd5 30. Qd3 Be5 31. Bd4 Bxd4 32. Qxd4 Rdg7 33. Rf1 Rg5 34.
b4 Rh5 35. Qf4 Qg7 36. Qf2 Rg5 37. Bf3 Qc3 38. Nc2 Qd3 39. Rd1 Qc3 40. Nd4 R8g6
41. Ne2 Qe5 42. Qd4 Qxd4 43. Rxd4 e5 44. Rxd5 e4 45. h4 exf3 46. hxg5 fxe2 47.
Re5 hxg5 48. Rxe2 b6 49. Re5 bxc5 50. Rxc5 Rf6 51. b5 Kg7 52. a4 g4 53. Kg2 Kf7
54. a5 f4 55. b6 f3+ 56. Kf2 g3+ 57. Kxg3 f2 58. Rc1 f1=Q 59. Rxf1 Rxf1 60. b7
Rb1 61. a6 Rb6 62. a7 Rxb7 63. a8=Q Re7 64. Kf4 1-0

[Event "Ontario op"]
[Site "Toronto CAN"]
[Date "2024.05.18"]
[Round "2.1"]
[White "Noritsyn, Nikolay"]
[Black "Duong, Thanh Nha"]
[Result "1-0"]
[WhiteElo "2450"]
[BlackElo "2157"]
[PlyCount "59"]
[EventDate "2024.05.18"]
[EventType "swiss"]
[EventRounds "6"]
[EventCountry "CAN"]
[Source "ChessMix"]
[SourceDate "2024.06.01"]

1. e4 e5 2. Nf3 Nf6 3. d4 Nxe4 4. Bd3 d5 5. dxe5 Nc5 6. O-O Nxd3 7. Qxd3 Be7 8.
c4 dxc4 9. Qxc4 O-O 10. Nc3 c6 11. Rd1 Qa5 12. Qe4 Nd7 13. Bg5 Nc5 14. Qh4 Bxg5
15. Nxg5 h6 16. Nf3 Qb6 17. b4 Na6 18. a3 Be6 19. Ne4 Rfd8 20. Nd6 c5 21. Rab1
cxb4 22. axb4 Nc7 23. Nd4 Nd5 24. Qg3 Qc7 25. Rbc1 Qd7 26. f4 Nxb4 27. f5 Bd5
28. f6 g6 29. N4f5 Kh7 30. Nxh6 1-0

[Event "Ontario op"]
[Site "Toronto CAN"]
[Date "2024.05.19"]
[Round "3.8"]
[White "Duong, Thanh Nha"]
[Black "Wiebe, Isaac"]
[Result "1-0"]
[WhiteElo "2157"]
[BlackElo "1970"]
[PlyCount "95"]
[EventDate "2024.05.18"]
[EventType "swiss"]
[EventRounds "6"]
[EventCountry "CAN"]
[Source "ChessMix"]
[SourceDate "2024.06.01"]

1. e4 e5 2. Nf3 Nc6 3. d4 exd4 4. Nxd4 Nf6 5. Nc3 Bb4 6. Nxc6 bxc6 7. Bd3 O-O
8. O-O d5 9. exd5 cxd5 10. h3 Rb8 11. Qf3 Rb6 12. Ne2 Bb7 13. Bg5 h6 14. Bh4
Re8 15. Nd4 c5 16. Nf5 Bc8 17. Rfd1 d4 18. a3 Ba5 19. b4 cxb4 20. axb4 Bxb4 21.
Rxa7 Bxf5 22. Qxf5 Qd5 23. Qxd5 Nxd5 24. Bc4 Rd6 25. Rb7 Bc3 26. Rdb1 Rc8 27.
Rb8 Rxb8 28. Rxb8+ Kh7 29. Rb5 Nb4 30. Be7 Rc6 31. Rxb4 Bxb4 32. Bd3+ g6 33.
Bxb4 Kg7 34. g4 Rc8 35. Ba3 Kf6 36. Kg2 Ke5 37. Kg3 g5 38. Bc1 f6 39. f4+ Kd5
40. Kf3 Re8 41. Bd2 Re7 42. Kg3 Rg7 43. h4 Rg8 44. Bf5 Rg7 45. Bb4 Rf7 46. Ba3
Rc7 47. Bf8 Rc3+ 48. Bd3 1-0